000 00576nam a2200229Ia 4500
003 IT-RoPAU
008 120407s9999 xx 000 0 und d
040 _aIT-RoPAU
040 _cIT-RoPAU
041 _aita
100 _aVladimìr Boublìk
245 _aL’uomo nell’attesa di Cristo.
250 _aBari
260 _aEdizioni Paoline
260 _c1972
300 _a226 p.
300 _c20 cm
490 _aCultura religiosa per laici.
490 _v110
600 _a"1. - Uomo, Concezione cristiana 2. - Gesù Cristo. 233 BNI 73-985"
942 _cBK
999 _c29469
_d29469